|
|
|
|
| LEADER |
01149pam a22002658a 4500 |
| 001 |
00022172 |
| 005 |
20171026081025.0 |
| 008 |
110528s1997 ||||||Viesd |
| 041 |
0 |
# |
|a Vie
|
| 082 |
1 |
4 |
|a 373.07
|b Đ452M
|
| 100 |
0 |
# |
|a Trần Kiều
|e Chủ biên
|
| 245 |
0 |
0 |
|a Đổi mới phương pháp dạy học ở trường trung học cơ sở
|b Tài liệu tham khảo cho giáo viên. Môn: Văn, Lịch Sử, Địa lý, Giáo Dục Công Dân, Ngoại Ngữ
|c Trần Kiều
|
| 260 |
# |
# |
|a H.
|b Viện Khoa Học
|c 1997
|
| 300 |
# |
# |
|a 170 tr.
|c 20 cm.
|
| 650 |
# |
4 |
|a Phương pháp giảng dạy
|
| 650 |
# |
4 |
|a Đổi mới
|
| 650 |
# |
4 |
|a Trung học cơ sở
|
| 653 |
# |
# |
|a Sách giáo viên
|
| 852 |
# |
# |
|b Kho mượn
|j KGT.0018820
|
| 852 |
# |
# |
|b Kho đọc
|j KD.0008933
|
| 852 |
# |
# |
|j KGT.0018820, KGT.0018821, KGT.0018822, KGT.0018823, KGT.0018824
|b Kho giáo trình
|
| 852 |
# |
# |
|j KGT.0018820
|j KGT.0018822
|j KGT.0018823
|j KD.0008933
|j KGT.0018821
|j KGT.0018824
|
| 910 |
0 |
# |
|a kìm
|d 28/05/2011
|
| 980 |
# |
# |
|a Trung tâm Học liệu Lê Vũ Hùng, Trường Đại học Đồng Tháp
|